Central Library OPAC University of Rajshahi

Western civilization / (Record no. 26681)

MARC details
000 -LEADER
fixed length control field 00974nam a22002771 4500
001 - CONTROL NUMBER
control field 26681
003 - CONTROL NUMBER IDENTIFIER
rucl marc code BD-RjUL
005 - DATE AND TIME OF LATEST TRANSACTION
control field 20211209051043.0
008 - FIXED-LENGTH DATA ELEMENTS--GENERAL INFORMATION
fixed length control field 140323s1975 enkabc b 00100 eng d
035 ## - SYSTEM CONTROL NUMBER
System control number (BD-RjUL)26751
040 ## - CATALOGING SOURCE
Original cataloging agency DLC
Transcribing agency DLC
Modifying agency m.c.
-- BOS
Language of cataloging eng
041 ## - LANGUAGE CODE
Language code of text/sound track or separate title eng
082 04 - DEWEY DECIMAL CLASSIFICATION NUMBER
Classification number 901.9
Author mark and year HEW V-2 1975
090 ## - LOCALLY ASSIGNED LC-TYPE CALL NUMBER (OCLC); LOCAL CALL NUMBER (OCLC)
Classification number (OCLC) (R) ; Classification number, CALL (RLIN) (NR) CB245
Local cutter number (OCLC) ; Book number/undivided call number, CALL (RLIN) .F682
100 1# - MAIN ENTRY--PERSONAL NAME
Personal name herzstein, Robert Edwin
9 (RLIN) 81991
245 00 - TITLE STATEMENT
Title Western civilization /
Statement of responsibility, etc. Robert Edwin herzstein,
Number of part/section of a work Volume 2 :
Name of part/section of a work From the Seventeenth Century to the present
260 ## - PUBLICATION, DISTRIBUTION, ETC. (IMPRINT)
Place of publication, distribution, etc. London :,
Name of publisher, distributor, etc. Houghton Mifflin Co.
Date of publication, distribution, etc. 1975
300 ## - PHYSICAL DESCRIPTION
Pagination 764p.:
Illustrations ill. ;
Size 26 cm.
490 0# - SERIES STATEMENT
Series statement A Harper-American heritage textbook.
504 ## - BIBLIOGRAPHY, ETC. NOTE
Bibliography, etc Includes bibliographies. and Index
505 0# - FORMATTED CONTENTS NOTE
Formatted contents note [1] Paleolithic man to the emergence of European powers.--[2] The struggle for empire to Europe in the modern world.
650 #0 - SUBJECT ADDED ENTRY--TOPICAL TERM
Topical term or geographic name as entry element Civilization, Western
General subdivision History.
9 (RLIN) 81992
700 1# - ADDED ENTRY--PERSONAL NAME
Personal name bruun Geoffrey
942 ## - ADDED ENTRY ELEMENTS (KOHA)
Source of classification or shelving scheme Dewey Decimal Classification
Koha item type Books
Holdings
Lost status Source of classification or shelving scheme Damaged status Not for loan Collection code Permanent Location Current Location Shelving location Date acquired Source of acquisition Total Checkouts Full call number Date last seen Copy number Koha item type
  Dewey Decimal Classification   Added to bundle Non-fiction Central Library, University of Rajshahi Central Library, University of Rajshahi Reading Room 24/02/1983 Pak American Commercial Gift   901.9 HEW V-2 1975 23/03/2014 C-1 Books